| 000 | 00645nam a2200217 i 4500 | ||
|---|---|---|---|
| 001 | bgj | ||
| 100 | 1 | _aSPRINTHALL, Norman A. | |
| 245 | 1 | 0 |
_aEducational psychology : _ba developmental approach / _cNorman A. Sprinthall, Richard C. Sprinthall. |
| 250 | _a5th ed. | ||
| 260 |
_aNew York [etc.] : _bMcGraw-Hill, Inc., _cc. 1990. |
||
| 300 |
_aXIX, 668 pp : _bill., photos ; _c26 cm. |
||
| 505 | _aIncludes index. | ||
| 650 | 9 | _aEducational psychology | |
| 700 | 1 | _aSPRINTHALL, Richard C. | |
| 020 | _a0070605416 | ||
| 040 | _cBPK | ||
| 041 | 0 | _aeng | |
| 920 | _a0-07-060541-6 | ||
| 942 | _cKS | ||
| 008 | s uk f |000 0 eng | ||
| 999 |
_c47655 _d47655 |
||
| 856 |
_uhttp://koha.tu.koszalin.pl/cgi-bin/koha/opac-detail.pl?biblionumber=47655 _yKatalog online BPK |
||